000 00874nas a2200289 4500
001 BR0800455
003 BR-BrBNA
005 20231205111458.0
007 ta
008 230509b bl.|||p| |||| 00| 00por d
040 _aBR-BrBNA
_bpor
_cBiblioteca Nacional de Agricultura
041 _a(Pt)
072 _aL73
100 1 _aNascente, P. da S.
100 1 _aCleff, M.B.
100 1 _aRosa, C.S. da
100 1 _aSantos, D.V. dos
100 1 _aMeireles, M.C.A.
100 1 _aMello, J.R. de B.
245 1 _aOtite em pequenos animais: uma revisão
650 _aCÃO
650 _aGATO
650 _aOTITE
773 0 _tMEDVEP. Revista Científica de Medicina Veterinária. Pequenos Animais e Animais de Estimação (Brazil)
_xISSN 1678-1430
_g(Jan-Mar 2006), v. 4(11) p. 52-59
_wBR0800455
909 _a202311
_bLúcia
_c55
_dLúcia Elande
942 _2AGRIS
_n0
_cANA
999 _c192965
_d192965